000 00468nam a2200181Ia 4500
001 16451
005 20260306170310.0
008 260306t2021||||xx |||||||||||||| ||und||
041 _aESP
082 _a348.6
_bD84
100 _aDivisión de Estudios Jurídicos de Gaceta Jurídica
_eAUT
245 0 _aLa relación laboral en sus documentos
260 _c2021
300 _a414 páginas :
_c25 cm.
650 _aGEN
654 _aCDE
942 _cLIB
_dJUS
_fJUS
_2ddc
_n
999 _c16451
_d16451